000 00661nam a2200217Ia 4500
001 6986
003 GE_BSU
008 181216s||||||||xx |||||||||||||| ||und||
040 _cGE_BSU
080 _a624.04(075.8)
100 _aАммосов,Н.Г.
245 _aМонтаж строительных конструкций.
245 _bУчеб. пособие.
245 _cНауч. ред. Н.А.Смирнов, ред. Н.Н.Бородина.
260 _aМ.
260 _bВысшая школа.
260 _c1974.
300 _a216стр. с илл.
653 _aМонтаж строительных конструкций.
942 _cBK
999 _c40378
_d40378